000 00552nam a2200193 i 4500
001 99329
003 ES-MaACL
005 20250323192210.0
007 t|
008 050907s1969 sp ||||1| spa d
100 1 _aMartinelli, César.
_977695
245 1 0 _aConversaciones con Gaudi /
_cGésar Martinelli.
250 _a[1ª ed.].
260 _aBarcelona :
_bPunto Fijo,
_c1969.
300 _a132 p., 4 lám. :
_bil. ;
_c24 cm.
600 1 4 _aGaudí, Antoni,
_d1852-1926
_955994
852 _aES-MaACL
_jC-37969
_bR.72434
999 _c99329
_d99329